Viaje al reino de los deseos: novela

Guardat en:
Dades bibliogràfiques
Autor principal: Herra Rodríguez, Rafael Ángel
Format: Llibre
Idioma:Undetermined
Publicat: San José, Costa Rica Editorial de la Universidad de Costa Rica 1998
Matèries:
Etiquetes: Afegir etiqueta
Sense etiquetes, Sigues el primer a etiquetar aquest registre!

MARC

LEADER 00000nam a2200000Ia 4500
008 170316s9999 xx 000 0 und d
040 |a cru BVZT 
090 |a 868 H-1v 
100 |a Herra Rodríguez, Rafael Ángel 
245 |a Viaje al reino de los deseos: novela 
260 |a San José, Costa Rica 
260 |b Editorial de la Universidad de Costa Rica 
260 |c 1998 
300 |a 220 páginas 
650 |a LITERATURA COSTARRICENSE 
650 |a NOVELA 
999 |c 11200  |d 11200 
942 |c 15 D  |h 868 H-1v  |2 z